| 000 | 00827nam a2200241 i 4500 | ||
|---|---|---|---|
| 001 | 10650 | ||
| 003 | ES-MaACL | ||
| 005 | 20230906145930.0 | ||
| 008 | 950926s1994 sp ||||1| spa d | ||
| 020 | _a84-376-1196-2 | ||
| 080 | _a877.4.09 | ||
| 100 | 1 |
_aPolitis, Linos. _992832 |
|
| 245 | 1 | 0 |
_aHistoria de la literatura griega moderna / _cLinos Politis ; prólogo, traducción directa del griego y suplemento de Goyita Núñez. |
| 260 |
_aMadrid : _bCátedra, _c[1994] |
||
| 300 |
_a363 p. : _bil. ; _c25 cm. |
||
| 490 | 1 | _aCrítica y estudios literarios | |
| 504 | _aBibliografía : p. 317-342. | ||
| 650 | 1 | 4 |
_aLiteratura griega moderna- _xHistoria y crítica. _9172270 |
| 700 | 1 |
_aNúñez, Goyita. _986152 |
|
| 830 | 1 |
_aCrítica y estudios literarios _9177819 |
|
| 852 |
_aES-MaACL _jL-18042 |
||
| 999 |
_c10650 _d10650 |
||